Normal view
MARC view
Entry Personal Name
001 - CONTROL NUMBER
- control field: 24932
003 - CONTROL NUMBER IDENTIFIER
- control field: OSt
005 - DATE AND TIME OF LATEST TRANSACTION
- control field: 20230601092620.0
008 - FIXED-LENGTH DATA ELEMENTS
- fixed length control field: 230601|| aca||aabn | a|a d
040 ## - CATALOGING SOURCE
- Original cataloging agency: OSt
- Transcribing agency: OSt
100 ## - HEADING--PERSONAL NAME
- Personal name: သုတသ်သၼႃၽိပႃလ၊
- Titles and other words associated with a name: ၸဝ်ႈၶူး။
670 ## - SOURCE DATA FOUND
- Source citation: Work cat.: (OSt): သုတသ်သၼႃၽိပႃလ၊ ၸဝ်ႈၶူး။, ပိုၼ်းၼွင်မွၼ် /, 2018 ။